000 00363nam a22001457a 4500
082 _aS 294.592 1
_bKOU/K
100 _aKoundinya
245 _aKoundinya Shiksha/
_cby Koundinya
260 _aSecunderabad:
_bR Venkatrama Salekshanadhanapati,
_c2016.
300 _a644p.
650 _aVedic Literature
650 _aHinduism
650 _aReligion
942 _cBK
999 _c173233
_d173233